|
|
|
|
| LEADER |
02748nam a2200397 a 4500 |
| 001 |
30828 |
| 003 |
BD-DhAAL |
| 005 |
20160208123955.0 |
| 008 |
160208s2009 enk 001 0 eng |
| 010 |
|
|
|a 2009018385
|
| 020 |
|
|
|a 9780195181234 (hardback : alk. paper)
|
| 020 |
|
|
|a 0195181239 (hardback : alk. paper)
|
| 040 |
|
|
|a DLC
|c DLC
|d BTCTA
|d BAKER
|d YDXCP
|d C#P
|d BWX
|d CDX
|d MNY
|d BUR
|d TTS
|d DLC
|d BD-DhAAL
|
| 050 |
0 |
0 |
|a PN4888.P6
|b J66 2009
|
| 082 |
0 |
0 |
|a 071.3
|2 22
|
| 100 |
1 |
|
|a Jones, Alex S.
|9 17864
|
| 245 |
1 |
0 |
|a Losing the news :
|b the future of the news that feeds democracy /
|c Alex S. Jones.
|
| 260 |
|
|
|a Oxford ;
|a New York :
|b Oxford University Press,
|c c2009.
|
| 300 |
|
|
|a xix, 234 p. ;
|c 22 cm.
|
| 490 |
1 |
|
|a Institutions of American democracy
|
| 500 |
|
|
|a "The Annenberg Foundation Trust at Sunnylands, the Annenberg Public Policy Center of the University of Pennsylvania."
|
| 500 |
|
|
|a Includes index.
|
| 505 |
0 |
|
|a The iron core -- Media and democracy -- The fragile First Amendment -- Objectivity's last stand -- Media ethics- the painful balance -- The curious story of news -- Newspapers on the brink -- The new news media -- Saving the news.
|
| 520 |
|
|
|a Pulitzer Prize-winning journalist Alex S. Jones explores how the epochal changes sweeping the media have eroded the core news that has been the essential food supply of our democracy. At a time of dazzling technological innovation, Jones says that what stands to be lost is the fact-based reporting that serves as a watchdog over government, holds the powerful accountable, and gives citizens what they need. In a tumultuous new media era, with cutthroat competition and panic over profits, the commitment of the traditional news media to serious news is fading. Should we lose a critical mass of this news, our democracy will weaken--and possibly even begin to fail. This book is also a call to arms. Despite the current crisis, there are many hopeful signs, and Jones closes by looking over the horizon and exploring ways the iron core can be preserved.--From publisher description.
|
| 526 |
|
|
|a Jaatri
|
| 541 |
|
|
|e 30828
|
| 650 |
|
0 |
|a Journalism
|x Political aspects
|z United States.
|9 17865
|
| 650 |
|
0 |
|a Journalism
|x Economic aspects
|z United States.
|9 17866
|
| 650 |
|
0 |
|a Journalism
|x Objectivity
|z United States.
|9 17867
|
| 650 |
|
0 |
|a Journalistic ethics
|z United States.
|9 17868
|
| 710 |
2 |
|
|a Annenberg Foundation Trust at Sunnylands.
|9 17869
|
| 710 |
2 |
|
|a Annenberg Public Policy Center.
|9 17870
|
| 830 |
|
0 |
|a Institutions of American democracy series.
|9 17871
|
| 942 |
|
|
|2 ddc
|c BK
|
| 999 |
|
|
|c 36806
|d 36806
|
| 952 |
|
|
|0 0
|1 0
|2 ddc
|4 0
|6 071_300000000000000_JON
|7 0
|9 57928
|a BRACUL
|b BRACUL
|c GEN
|d 2016-02-08
|e Jaatri
|l 0
|o 071.3 JON
|p 3010030828
|r 2016-02-08
|t 1
|w 2016-02-08
|y BK
|